Tiếng Hàn thực hành : Trình độ sơ cấp. t.I /
Wedi'i Gadw mewn:
| Prif Awdur: | |
|---|---|
| Awduron Eraill: | , |
| Fformat: | Sách giấy |
| Iaith: | Vietnamese Korean |
| Cyhoeddwyd: |
Tp. Hồ Chí Minh :
Tổng hợp,
2013.
|
| Pynciau: | |
| Tagiau: |
Ychwanegu Tag
Dim Tagiau, Byddwch y cyntaf i dagio'r cofnod hwn!
|
| Thư viện lưu trữ: | Thư viện Trường Đại học Đà Lạt |
|---|
| LEADER | 00878nam a2200337 4500 | ||
|---|---|---|---|
| 001 | DLU170180376 | ||
| 005 | ##20170804 | ||
| 020 | # | # | |a 9786047556489 |
| 040 | # | # | |a DLU |b vie |
| 041 | # | # | |a vie |h kor |
| 044 | # | # | |a vn |
| 082 | # | # | |a 495.78 |b CH-H |
| 100 | # | # | |a Cho Hang-rok |
| 245 | # | # | |a Tiếng Hàn thực hành : |b Trình độ sơ cấp. |n t.I / |c Chi Hang-rok, Lee Jee-young; Đỗ Ngọc Luyến dịch. |
| 260 | # | # | |a Tp. Hồ Chí Minh : |b Tổng hợp, |c 2013. |
| 300 | # | # | |a 247 tr. ; |c 26 cm. |
| 650 | # | # | |a Tiếng Hàn Quốc. |
| 700 | # | # | |a Đỗ Ngọc Luyến, |c ThS. |e dịch. |
| 700 | # | # | |a Lee Jee-young. |
| 923 | # | # | |a 05/2016 |
| 990 | # | # | |a t.I |
| 991 | # | # | |a SH |
| 992 | # | # | |a 216000 |
| 994 | # | # | |a DLU |
| 900 | # | # | |a True |
| 911 | # | # | |a Nguyễn Thanh Hương |
| 925 | # | # | |a G |
| 926 | # | # | |a A |
| 927 | # | # | |a SH |
| 980 | # | # | |a Thư viện Trường Đại học Đà Lạt |


